L'OPERA DELLA PROPAGAZIONE DELLA FEDE. SUA NATURA STORIA BENEFICI. (Record n. 280506)
[ formato base ]
| 000 -LEADER | |
|---|---|
| fixed length control field | 01233nam a2200229Ia 4500 |
| 001 - CONTROL NUMBER | |
| control field | L266-21403 |
| 003 - CONTROL NUMBER IDENTIFIER | |
| control field | IT-CnALBA |
| 008 - FIXED-LENGTH DATA ELEMENTS--GENERAL INFORMATION | |
| fixed length control field | 170116s9999||||xx |||||||||||||| ||und|| |
| 040 ## - CATALOGING SOURCE | |
| Original cataloging agency | IT-CnALBA |
| Transcribing agency | IT-CnALBA |
| 041 ## - LANGUAGE CODE | |
| Language code of text/sound track or separate title | ITALIANO |
| 999 ## - SYSTEM CONTROL NUMBERS (KOHA) | |
| Koha Dewey Subclass [OBSOLETE] | SI |
| 100 ## - MAIN ENTRY--PERSONAL NAME | |
| Personal name | SENZA AUTORE |
| 245 #0 - TITLE STATEMENT | |
| Title | L'OPERA DELLA PROPAGAZIONE DELLA FEDE. SUA NATURA STORIA BENEFICI. |
| 250 ## - EDITION STATEMENT | |
| Edition statement | 1a ed. |
| 260 ## - PUBLICATION, DISTRIBUTION, ETC. (IMPRINT) | |
| Place of publication, distribution, etc. | TORINO |
| Name of publisher, distributor, etc. | ARNEODO GIACOMO. TIPOGR. VESC. TORINO |
| Date of publication, distribution, etc. | 1914 [1° Ed.:1914 - Ed.Ling.Originale: 1914] |
| 300 ## - PHYSICAL DESCRIPTION | |
| Extent | 108 p. |
| 500 ## - GENERAL NOTE | |
| General note | NATURA DELL'OPERA. PROPAGAZIONE DELLA FEDE. S. INFANZIA. ORIGINI E PROGRESSI. BENEFICI DEGLI ISTITUTI MISSIONARI. ALLE GENTI PAGANE. ALLA SOCIETÀ CRISTIANA. APPENDICE. RESOCONTO DEL PADRE MANNA. IMPULSO DEL PAPA E VESCOVI. COOPERAZIONE SPIRITUALE ED ECONO |
| 501 ## - WITH NOTE | |
| With note | Società San Paolo EM - Piazza San Paolo, 14 - 12051 ALBA (CN) (non commercial uses only) ® Copyright 2017 |
| 520 ## - SUMMARY, ETC. | |
| Summary, etc. | NATURA DELL'OPERA. PROPAGAZIONE DELLA FEDE. S. INFANZIA. ORIGINI E PROGRESSI. BENEFICI DEGLI ISTITUTI MISSIONARI. ALLE GENTI PAGANE. ALLA SOCIETÀ CRISTIANA. APPENDICE. RESOCONTO DEL PADRE MANNA. IMPULSO DEL PAPA E VESCOVI. COOPERAZIONE SPIRITUALE ED ECONO |
| 650 ## - SUBJECT ADDED ENTRY--TOPICAL TERM | |
| Topical term or geographic name as entry element | MISSIONOLOGIA |
| 942 ## - ADDED ENTRY ELEMENTS (KOHA) | |
| Koha item type | LIBRO |
| 957 ## - | |
| -- | 1 |
| 999 ## - SYSTEM CONTROL NUMBERS (KOHA) | |
| -- | Copie: 1 |
| Withdrawn status | Lost status | Damaged status | Not for loan | Home library | Current library | Date acquired | Total Checkouts | Full call number | Date last seen | Price effective from | Koha item type | Public note |
|---|---|---|---|---|---|---|---|---|---|---|---|---|
| Buone Condizioni | Not For Loan | ALBA - Biblioteca | ALBA - Biblioteca | 16/01/2017 | L266-21403 | 16/01/2017 | 16/01/2017 | LIBRO | (data import: 16 gennaio 2017) - By Epidotti, Vaglietti. |